[Event "Titled Tuesday intern op 23rd Jan Early"]
[Site "Chess.com INT"]
[Date "2024.01.23"]
[Round "6"]
[White "Kiseleva, Simona"]
[Black "Musalov, Ruslan"]
[Result "0-1"]
[WhiteElo "2174"]
[BlackElo "2342"]
[PlyCount "150"]
[EventDate "2024.01.23"]
[EventType "swiss (blitz)"]
[EventRounds "11"]
[EventCountry "USA"]
[SourceTitle "EXT 2025"]
[Source "ChessBase"]
[SourceDate "2024.10.14"]
[SourceVersion "1"]
[SourceVersionDate "2024.10.14"]
[SourceQuality "1"]

1. d4 Nf6 2. c4 g6 3. Nc3 Bg7 4. e4 0-0 5. Be2 d6 6. Bg5 h6 7. Be3 e5 8. d5 Nbd7 9. Qd2 h5 10. Bg5 a5 11. f3 Nc5 12. h4 c6 13. Nh3 cxd5 14. cxd5 Bd7 15. Nf2 a4 16. Nd3 Qa5 17. Nxc5 Qxc5 18. Be3 Qa5 19. Nd1 Qd8 20. Nf2 b5 21. a3 Qe7 22. Bg5 Rfc8 23. Nd3 Rc7 24. Nb4 Rac8 25. 0-0 Qe8 26. Rfc1 Nh7 27. Be3 Bf6 28. g3 Be7 29. Rxc7 Rxc7 30. Rc1 Rxc1+ 31. Qxc1 f5 32. Qc7 Nf6 33. exf5 gxf5 34. Qb7 Qg6 35. Kf2 f4 36. gxf4 Ne4+ 37. Ke1 Bxh4+ 38. Kd1 Nf6 39. Nd3 e4 40. fxe4 Qxe4 41. Kd2 Qxd5 42. Qxd5+ Nxd5 43. Bd4 Bf6 44. Bxf6 Nxf6 45. Bf3 h4 46. Nf2 h3 47. Bh1 Kf7 48. Ke3 h2 49. Nd3 Ke7 50. Kf2 Bf5 51. Nb4 Be4 52. Bxe4 Nxe4+ 53. Kg2 Nd2 54. Kxh2 Nc4 55. Nd3 Ke6 56. Kg3 Kd5 57. Kf3 Kd4 58. Ke2 Ke4 59. Nb4 Nxb2 60. Kd2 Nc4+ 61. Kc3 Nxa3 62. Na6 Kxf4 63. Nc7 Ke5 64. Kb4 Nc4 65. Nxb5 Nb6 66. Ka3 d5 67. Kb4 d4 68. Na3 d3 69. Kc3 Ke4 70. Kd2 Kd4 71. Nb1 Nc4+ 72. Kc1 a3 73. Nxa3 Nxa3 74. Kd2 Nc4+ 75. Kd1 Kc3 0-1

[Event "Titled Tuesday intern op 23rd Jan Early"]
[Site "Chess.com INT"]
[Date "2024.01.23"]
[Round "5"]
[White "Musalov, Ruslan"]
[Black "Kostiukov, Alexandr"]
[Result "1-0"]
[WhiteElo "2342"]
[BlackElo "2271"]
[PlyCount "71"]
[EventDate "2024.01.23"]
[EventType "swiss (blitz)"]
[EventRounds "11"]
[EventCountry "USA"]
[SourceTitle "EXT 2025"]
[Source "ChessBase"]
[SourceDate "2024.10.14"]
[SourceVersion "1"]
[SourceVersionDate "2024.10.14"]
[SourceQuality "1"]

1. e4 c5 2. Nf3 g6 3. d4 cxd4 4. Nxd4 Bg7 5. Nc3 Nc6 6. Be3 Nf6 7. Bc4 Qa5 8. 0-0 Ng4 9. Nxc6 dxc6 10. Bd4 e5 11. Be3 Nxe3 12. fxe3 0-0 13. Qf3 Kh8 14. Rad1 Qc7 15. a4 a6 16. Qg3 b5 17. Bb3 Qe7 18. Rf2 Be6 19. Bxe6 Qxe6 20. Rfd2 Qc4 21. Qf3 bxa4 22. Qe2 Qb4 23. Rd7 Qxb2 24. Nxa4 Qb4 25. Ra1 Qxe4 26. Nb6 Rab8 27. Rxa6 Qf5 28. e4 Qe6 29. Rd1 f5 30. Nd7 Rbd8 31. Nxf8 Rxf8 32. Ra7 f4 33. Rdd7 Rg8 34. Qa6 Qf6 35. Rac7 f3 36. Qf1 1-0

[Event "Titled Tuesday intern op 23rd Jan Early"]
[Site "Chess.com INT"]
[Date "2024.01.23"]
[Round "3"]
[White "Musalov, Ruslan"]
[Black "Livaic, Leon"]
[Result "0-1"]
[WhiteElo "2342"]
[BlackElo "2557"]
[PlyCount "116"]
[EventDate "2024.01.23"]
[EventType "swiss (blitz)"]
[EventRounds "11"]
[EventCountry "USA"]
[SourceTitle "EXT 2025"]
[Source "ChessBase"]
[SourceDate "2024.10.14"]
[SourceVersion "1"]
[SourceVersionDate "2024.10.14"]
[SourceQuality "1"]

1. e4 e6 2. d4 d5 3. Nc3 Bb4 4. Qd3 Ne7 5. Nge2 0-0 6. Bd2 b6 7. 0-0-0 Ba6 8. Qg3 Nbc6 9. exd5 Nxd5 10. Nxd5 Bxd2+ 11. Rxd2 exd5 12. Nf4 Bxf1 13. Rxf1 Re8 14. c3 Qd6 15. Qf3 Re4 16. g3 Rae8 17. Re2 Na5 18. Rfe1 f5 19. Rxe4 fxe4 20. Qh5 Rd8 21. Qf5 g6 22. Qe6+ Qxe6 23. Nxe6 Rd7 24. b3 Nb7 25. Kd2 Nd6 26. Nf4 c6 27. h4 Rf7 28. Ke3 Kg7 29. Rc1 h6 30. Nh3 Rf3+ 31. Ke2 Nb5 32. c4 Nxd4+ 33. Kf1 Nf5 34. Kg2 Rd3 35. Nf4 Rd2 36. cxd5 cxd5 37. Rc7+ Kf6 38. Rxa7 g5 39. hxg5+ hxg5 40. Nh5+ Kg6 41. g4 Nh4+ 42. Kg1 Rd1+ 43. Kh2 Nf3+ 44. Kg3 Rg1+ 45. Kh3 Rh1+ 46. Kg2 Rg1+ 47. Kh3 d4 48. Rg7+ Kh6 49. Rb7 d3 50. Rxb6+ Kh7 51. Rb7+ Kg6 52. Rb6+ Kf7 53. Rb7+ Ke6 54. Ng7+ Kd5 55. Nf5 d2 56. Ne3+ Kc6 57. Re7 Re1 58. Rf7 Rxe3 0-1

[Event "Titled Tuesday intern op 09th Jan Late"]
[Site "Chess.com INT"]
[Date "2024.01.09"]
[Round "4"]
[White "Vlassov, Nikolai"]
[Black "Musalov, Ruslan"]
[Result "0-1"]
[WhiteElo "2299"]
[BlackElo "2342"]
[PlyCount "92"]
[EventDate "2024.01.09"]
[EventType "swiss (blitz)"]
[EventRounds "11"]
[EventCountry "USA"]
[SourceTitle "EXT 2025"]
[Source "ChessBase"]
[SourceDate "2024.10.14"]
[SourceVersion "1"]
[SourceVersionDate "2024.10.14"]
[SourceQuality "1"]

1. e4 c5 2. c3 d5 3. exd5 Qxd5 4. d4 cxd4 5. cxd4 e5 6. Nf3 exd4 7. Qxd4 Nf6 8. Nc3 Qxd4 9. Nxd4 Nc6 10. Ndb5 Kd8 11. Bf4 Bd7 12. 0-0-0 a6 13. Nd6 Bxd6 14. Bxd6 Re8 15. Bc4 Ng4 16. Bxf7 Nxf2 17. Bxe8 Bxe8 18. Be5+ Ke7 19. Bxg7 Nxh1 20. Rxh1 Bg6 21. Rf1 Nb4 22. b3 Rc8 23. Kb2 Nd3+ 24. Ka3 b5 25. b4 a5 26. Nxb5 axb4+ 27. Ka4 Ra8+ 28. Kb3 Bf7+ 29. Kc2 Bc4 30. Bf6+ Kd7 31. a4 Rxa4 32. Rf5 Ra2+ 33. Kb1 Rxg2 34. h4 b3 35. Bd4 b2 36. Nc3 Rh2 37. Rf1 Nb4 38. Rd1 Bd3+ 39. Rxd3 Nxd3 40. Ne4 Rh1+ 41. Kc2 b1Q+ 42. Kc3 Rc1+ 43. Kd2 Qc2+ 44. Ke3 Re1+ 45. Kf3 Qe2+ 46. Kg3 Qxe4 0-1

[Event "Titled Tuesday intern op 02nd Jan Early"]
[Site "Chess.com INT"]
[Date "2024.01.02"]
[Round "8"]
[White "Guzman Lozano, Campo Elias"]
[Black "Musalov, Ruslan"]
[Result "0-1"]
[WhiteElo "1837"]
[BlackElo "2342"]
[PlyCount "52"]
[EventDate "2024.01.02"]
[EventType "swiss (blitz)"]
[EventRounds "11"]
[EventCountry "USA"]
[SourceTitle "EXT 2025"]
[Source "ChessBase"]
[SourceDate "2024.10.14"]
[SourceVersion "1"]
[SourceVersionDate "2024.10.14"]
[SourceQuality "1"]

1. Nf3 Nf6 2. b3 g6 3. Bb2 Bg7 4. c4 0-0 5. g3 d5 6. cxd5 Nxd5 7. Bxg7 Kxg7 8. Nc3 c5 9. Bg2 Nc6 10. Ng5 Nxc3 11. dxc3 Bf5 12. e4 Bd7 13. Qe2 e5 14. 0-0 Qxg5 15. Qb5 b6 16. Rad1 Qe7 17. Qe2 Rad8 18. Rd2 Be6 19. Rfd1 Rxd2 20. Rxd2 Rd8 21. Rxd8 Qxd8 22. h4 h5 23. Bf3 c4 24. b4 Qd3 25. Qxd3 cxd3 26. Kf1 Bxa2 0-1

[Event "Titled Tuesday intern op 02nd Jan Late"]
[Site "Chess.com INT"]
[Date "2024.01.02"]
[Round "5"]
[White "Musalov, Ruslan"]
[Black "Zomorrodian, Eilia"]
[Result "0-1"]
[WhiteElo "2342"]
[BlackElo "2116"]
[PlyCount "64"]
[EventDate "2024.01.02"]
[EventType "swiss (blitz)"]
[EventRounds "11"]
[EventCountry "USA"]
[SourceTitle "EXT 2025"]
[Source "ChessBase"]
[SourceDate "2024.10.14"]
[SourceVersion "1"]
[SourceVersionDate "2024.10.14"]
[SourceQuality "1"]

1. e4 c5 2. Nf3 e6 3. d4 cxd4 4. Nxd4 a6 5. Nc3 b5 6. a3 Bb7 7. Bd3 Qc7 8. 0-0 Nf6 9. Re1 d6 10. Nd5 exd5 11. exd5+ Kd8 12. Bg5 Nbd7 13. Qe2 Ne5 14. f4 Qc5 15. c3 Nxd3 16. Qxd3 Be7 17. Re2 h6 18. Bh4 g5 19. fxg5 hxg5 20. Bxg5 Qxd5 21. Bf4 Ne4 22. Rae1 f5 23. b3 Bf6 24. Be3 Rc8 25. c4 bxc4 26. bxc4 Qxc4 27. Qd1 Nc3 28. Ne6+ Kd7 29. Qd2 Nxe2+ 30. Rxe2 Qxe6 31. Qb4 Qd5 32. h3 Rhg8 0-1

[Event "Titled Tuesday intern op 28th Nov Early"]
[Site "Chess.com INT"]
[Date "2023.11.28"]
[Round "8"]
[White "Novikova, Anna"]
[Black "Musalov, Ruslan"]
[Result "0-1"]
[WhiteElo "2229"]
[BlackElo "2342"]
[PlyCount "66"]
[EventDate "2023.11.28"]
[EventType "swiss (blitz)"]
[EventRounds "11"]
[EventCountry "USA"]
[SourceTitle "EXT 2025"]
[Source "ChessBase"]
[SourceDate "2024.10.14"]
[SourceVersion "1"]
[SourceVersionDate "2024.10.14"]
[SourceQuality "1"]

1. e4 c5 2. Nf3 d6 3. d4 cxd4 4. Nxd4 Nf6 5. Nc3 a6 6. Bg5 Nbd7 7. f4 e6 8. Qf3 Qc7 9. 0-0-0 b5 10. a3 Bb7 11. g4 Be7 12. Bxf6 gxf6 13. f5 Ne5 14. Qg3 Qd7 15. h4 Rg8 16. Be2 h5 17. g5 fxg5 18. fxe6 fxe6 19. Bxh5+ Kd8 20. hxg5 Rxg5 21. Qh3 Bc8 22. Rhg1 Kc7 23. Kb1 Nc6 24. Rxg5 Bxg5 25. Ndxb5+ axb5 26. Nxb5+ Kb8 27. Rxd6 Qb7 28. c4 Bf4 29. Rd1 Be5 30. Bg4 Na7 31. Qh5 Qxe4+ 32. Ka1 Nxb5 33. cxb5 Rxa3# 0-1

[Event "Titled Tuesday intern op 28th Nov Early"]
[Site "Chess.com INT"]
[Date "2023.11.28"]
[Round "3"]
[White "Vifleemskaia, Svetlana"]
[Black "Musalov, Ruslan"]
[Result "0-1"]
[WhiteElo "1903"]
[BlackElo "2342"]
[PlyCount "74"]
[EventDate "2023.11.28"]
[EventType "swiss (blitz)"]
[EventRounds "11"]
[EventCountry "USA"]
[SourceTitle "EXT 2025"]
[Source "ChessBase"]
[SourceDate "2024.10.14"]
[SourceVersion "1"]
[SourceVersionDate "2024.10.14"]
[SourceQuality "1"]

1. d4 Nf6 2. c4 g6 3. Nc3 Bg7 4. e4 0-0 5. Nge2 d6 6. Ng3 h5 7. Bg5 Nc6 8. d5 Ne5 9. f4 Neg4 10. h3 Ne3 11. Qe2 Nxf1 12. Rxf1 Nh7 13. Bh4 c5 14. e5 dxe5 15. f5 g5 16. Nxh5 f6 17. Nxg7 Kxg7 18. Bg3 a6 19. 0-0-0 b5 20. Ne4 bxc4 21. Nxc5 Qc7 22. Qxc4 Kh8 23. b3 Bd7 24. Nxd7 Qxd7 25. Kb2 Rfc8 26. Qb4 a5 27. Qa4 Qxa4 28. bxa4 Rab8+ 29. Ka1 Rc2 30. Rf2 Rc3 31. Rf3 Rxf3 32. gxf3 Rb4 33. d6 exd6 34. Rxd6 Rxa4 35. Kb2 Rb4+ 36. Kc3 Rb1 37. Ra6 Rf1 0-1

[Event "Titled Tuesday intern op 21st Nov Late"]
[Site "Chess.com INT"]
[Date "2023.11.21"]
[Round "11"]
[White "Musalov, Ruslan"]
[Black "Romero Ruscalleda, Josep"]
[Result "1-0"]
[WhiteElo "2342"]
[BlackElo "2160"]
[PlyCount "119"]
[EventDate "2023.11.21"]
[EventType "swiss (blitz)"]
[EventRounds "11"]
[EventCountry "USA"]
[SourceTitle "EXT 2025"]
[Source "ChessBase"]
[SourceDate "2024.10.14"]
[SourceVersion "1"]
[SourceVersionDate "2024.10.14"]
[SourceQuality "1"]

1. e4 g6 2. d4 Bg7 3. Nc3 d6 4. Bg5 Nd7 5. Nf3 c5 6. dxc5 Nxc5 7. Bd3 Qa5 8. Qd2 Nf6 9. 0-0 Nxd3 10. cxd3 0-0 11. Nd5 Qd8 12. Nxf6+ exf6 13. Bh4 Qb6 14. d4 d5 15. e5 fxe5 16. Nxe5 Be6 17. b3 Rac8 18. Rac1 f6 19. Nd3 Qxd4 20. Bg3 Bf5 21. Rcd1 Rfd8 22. Rfe1 Rd7 23. h3 Rc3 24. Nf4 Qxd2 25. Rxd2 d4 26. Red1 Rc2 27. Rxd4 Rxd4 28. Rxd4 Rxa2 29. Rc4 h5 30. Rc7 h4 31. Bxh4 g5 32. Nh5 Bf8 33. Nxf6+ Kh8 34. Bg3 b5 35. Be5 Bg7 36. g4 Bg6 37. Rc8+ Bf8 38. Rxf8+ Kg7 39. Rb8 Re2 40. Rxb5 Kf7 41. Bd4 Ke6 42. Nd5 Re1+ 43. Kg2 Be4+ 44. f3 Bxd5 45. Bxa7 Re2+ 46. Kg3 Rb2 47. h4 gxh4+ 48. Kxh4 Rxb3 49. Rxb3 Bxb3 50. f4 Bd1 51. Kg5 Kf7 52. f5 Be2 53. Bd4 Bf3 54. Kf4 Be2 55. g5 Bd3 56. g6+ Ke7 57. Kg5 Be4 58. f6+ Ke6 59. f7 Ke7 60. Bc5+ 1-0

[Event "Titled Tuesday intern op 21st Nov Late"]
[Site "Chess.com INT"]
[Date "2023.11.21"]
[Round "10"]
[White "Zarnicki, Pablo Adrian"]
[Black "Musalov, Ruslan"]
[Result "1-0"]
[WhiteElo "2514"]
[BlackElo "2342"]
[PlyCount "111"]
[EventDate "2023.11.21"]
[EventType "swiss (blitz)"]
[EventRounds "11"]
[EventCountry "USA"]
[SourceTitle "EXT 2025"]
[Source "ChessBase"]
[SourceDate "2024.10.14"]
[SourceVersion "1"]
[SourceVersionDate "2024.10.14"]
[SourceQuality "1"]

1. e4 e5 2. Nc3 Nc6 3. Nf3 Nf6 4. a3 d6 5. Bc4 Be6 6. Bxe6 fxe6 7. d4 exd4 8. Nxd4 Qd7 9. 0-0 Be7 10. Re1 0-0 11. Be3 Kh8 12. h3 Nxd4 13. Bxd4 e5 14. Be3 c6 15. Qd3 Qe6 16. Rad1 Nh5 17. Qe2 Nf4 18. Bxf4 Rxf4 19. g3 Rf6 20. Qg4 Qf7 21. Rd2 Rf8 22. Rf1 Qe8 23. Qd1 Qg6 24. Kg2 h5 25. Rd3 Bd8 26. f3 h4 27. g4 Re6 28. Ne2 Bg5 29. c4 Kh7 30. b4 Be7 31. a4 Ref6 32. b5 Qf7 33. Qc2 Bd8 34. c5 dxc5 35. Qxc5 Qa2 36. Qe3 Bb6 37. Qd2 Qxa4 38. bxc6 bxc6 39. Rd7 Qc4 40. Qd3 Qxd3 41. Rxd3 c5 42. Nc3 c4 43. Rdd1 Bd4 44. Nd5 Ra6 45. Rb1 Ra2+ 46. Kh1 c3 47. Rb7 Rc8 48. Ne7 Rc6 49. Nf5 c2 50. Nxg7 c1Q 51. Nf5+ Kh8 52. Rb8+ Kh7 53. Rb7+ Kg6 54. Rg7+ Kf6 55. g5+ Ke6 56. Re7# 1-0

[Event "Titled Tuesday intern op 07th Nov Early"]
[Site "Chess.com INT"]
[Date "2023.11.07"]
[Round "2"]
[White "Bernat, David"]
[Black "Musalov, Ruslan"]
[Result "1-0"]
[WhiteElo "1862"]
[BlackElo "2342"]
[PlyCount "87"]
[EventDate "2023.11.07"]
[EventType "swiss (blitz)"]
[EventRounds "11"]
[EventCountry "USA"]
[SourceTitle "EXT 2025"]
[Source "ChessBase"]
[SourceDate "2024.10.14"]
[SourceVersion "1"]
[SourceVersionDate "2024.10.14"]
[SourceQuality "1"]

1. c4 Nf6 2. Nc3 g6 3. e4 d6 4. g3 Bg7 5. Bg2 0-0 6. Nge2 c5 7. 0-0 Nc6 8. d3 Rb8 9. h3 a6 10. a4 Nd7 11. Be3 Nd4 12. Rb1 e5 13. b4 cxb4 14. Rxb4 Nc5 15. Nd5 a5 16. Rb1 Nxe2+ 17. Qxe2 Nxa4 18. Bb6 Nxb6 19. Nxb6 Bd7 20. Qd2 a4 21. Qb4 Bc6 22. Nxa4 b5 23. Nc3 bxc4 24. Qxc4 Qd7 25. Nd5 Bb5 26. Qb3 h5 27. Rfc1 Bc6 28. Qxb8 Rxb8 29. Rxb8+ Kh7 30. Ne3 h4 31. Rb6 hxg3 32. Rbxc6 gxf2+ 33. Kxf2 Qe7 34. Nd5 Qg5 35. Rc7 Qd2+ 36. Kg1 Kg8 37. Rf1 f5 38. Ne7+ Kh7 39. exf5 Qe3+ 40. Kh1 Qb6 41. fxg6+ Kh6 42. Nf5+ Kxg6 43. Rxg7+ Kh5 44. Bf3# 1-0